| 000 | 01141nam a2200301 a 4500 | ||
|---|---|---|---|
| 001 | 1543475 | ||
| 003 | CO-ViMGA | ||
| 005 | 20230915233615.0 | ||
| 008 | 180122s2016 ck a gr 000 j spa d | ||
| 020 | _a9789583052743 | ||
| 040 |
_aCO-ViMGA _bspa _cCO-ViMGA |
||
| 041 | 1 | _hger | |
| 082 | 0 | 4 |
_a833.91 _bF85c7 _219 |
| 100 | 1 |
_aFunke, Cornelia, _d1958- _91235 |
|
| 245 | 1 | 4 |
_aLos cazafantasmas : _by el fantasma de fuego / _cCornelia Funke ; ilustraciones Frďeric Bertrand ; traducción del alemán Carlos Eduardo Soler. |
| 250 | _aEdición Mireya Fonseca Leal. | ||
| 260 |
_aBogota :̀ _bPanamericana Editorial, _c2016. |
||
| 300 |
_a128 páginas : _bilustraciones ; _c22 cm. |
||
| 534 |
_pTítulo original : _tGespensterjg̃er im feuerspuk. |
||
| 650 | 1 | 4 |
_aFantasmas _v Cuentos juveniles. _91240 |
| 650 | 1 | 4 |
_aMiedo _v Cuentos juveniles. _91241 |
| 650 | 1 | 4 |
_aCuentos juveniles. _91239 |
| 650 | 1 | 4 |
_aHistorias de aventuras. _91242 |
| 700 | 1 |
_aBertrand, Frďřic, _d1981-, _eilustrador. _91238 |
|
| 700 | 1 |
_aFonseca Leal, Raquel Mireya, _eeditora. _953 |
|
| 700 | 1 |
_aSoler, Carlos Eduardo, _etraductor. _9746 |
|
| 942 |
_2ddc _cBK |
||
| 999 |
_c37392 _d37392 |
||